000 00604cam a22002411 4500
001 sa 68002847
003 DLC
005 20260227112447.0
008 890606s1958 np b 000 0 nepo
010 _asa 68002847
035 _a(OCoLC)19824911
040 _aDLC
_cWaU
_dDLC
042 _apremarc
050 0 0 _aPK2598.H3
_bD48 1958
100 0 _aHaridāsa,
_d1848?-
245 1 0 _aDhruva carita.
260 _c[1958/59]
300 _a13, 11, [3] p.
_c19 cm.
500 _aIn Nepali.
500 _aA poem.
504 _aBibliography : p. [13]-[14]
700 1 _aDixit, Kamalmani Acharya,
_d1929-
999 _c79034
_d79034